000 00766nam a2200241Ia 4500
003 OSt
005 20220926002451.0
006 a|||||r|||| 00| 0
007 ta
008 220923b |||||||| |||| 00| 0 eng d
037 _cGeneral Book
040 _aRTL
_cRTL
_beng
041 _2eng
_aeng
082 _aV2:19.4445.N23<--M77, L3
100 _aMojumdar Kanchanmey
_9305916
245 0 _aPolitical relations between India and Nepal,1977-1
260 _a New Delhi
_bMunshiram India
_c1973
300 _axv,331p.
_ccm.
500 _aBibliography:P.290-26; Appendix:P.279-89; Index:P.327-31
650 _aForeign Policy - India
942 _hV2:19.4445.N23<--M77, L3
_cGB
_2CC
999 _c605136
_d605136